[Event "Temuco op 1st"]
[Site "Temuco"]
[Date "2023.10.07"]
[Round "3"]
[White "Carrasco Miranda, Andres"]
[Black "Barria Arbunic, Manuel"]
[Result "0-1"]
[WhiteElo "2241"]
[BlackElo "2000"]
[PlyCount "71"]
[EventDate "2023.10.06"]
[EventType "swiss"]
[EventRounds "7"]
[EventCountry "CHI"]
[SourceTitle "Mega2024 Update 01"]
[Source "Chessbase"]
[SourceDate "2023.11.12"]
[SourceVersion "1"]
[SourceVersionDate "2023.11.12"]
[SourceQuality "1"]

1. Nf3 Nf6 2. c4 e6 3. g3 d5 4. Bg2 Be7 5. 0-0 0-0 6. d4 dxc4 7. Qa4 a6 8. Qxc4 b5 9. Qc2 Bb7 10. Bd2 Be4 11. Qc1 Nc6 12. Be3 Nb4 13. Nbd2 Bb7 14. Nb3 Bd5 15. Qd1 a5 16. a3 a4 17. Nc5 Na6 18. Nd3 Rc8 19. Rc1 Nd7 20. Nf4 Be4 21. b4 axb3 22. Qxb3 c6 23. Nxe6 Bd5 24. Nxd8 Bxb3 25. Nxc6 Bxa3 26. Rc3 Ba4 27. Rxa3 Rxc6 28. d5 Rc4 29. Nd2 Rc2 30. Be4 Rcc8 31. Bf5 Rcd8 32. Rc1 Nf6 33. Bd3 Nxd5 34. Bb6 Nxb6 35. Rc6 b4 36. Rxa4 0-1

[Event "Madrid-ch U16"]
[Site "Madrid"]
[Date "2016.04.16"]
[Round "2"]
[White "Bento Iglesias, Pablo"]
[Black "Barria Arbunic, Manuel"]
[Result "1/2-1/2"]
[WhiteElo "1969"]
[BlackElo "1858"]
[PlyCount "49"]
[EventDate "2016.04.16"]
[EventType "tourn"]
[EventRounds "7"]
[EventCountry "ESP"]
[SourceTitle "CBM 172 Extra"]
[Source "ChessBase"]
[SourceDate "2016.06.21"]
[SourceVersion "1"]
[SourceVersionDate "2016.06.21"]
[SourceQuality "1"]

1. e4 g6 2. d4 Bg7 3. Nf3 c5 4. c3 cxd4 5. Nxd4 Nc6 6. Be3 d6 7. Nd2 Nf6 8. Be2 0-0 9. 0-0 Bd7 10. f4 Nxd4 11. Bxd4 Bc6 12. Bf3 Nd7 13. Bf2 Rc8 14. Nb3 b6 15. Re1 Ba8 16. Qd3 Qc7 17. Rad1 Rfd8 18. Nd4 Qc4 19. Qxc4 Rxc4 20. Be2 Rcc8 21. Ba6 Rb8 22. Bb5 Rbc8 23. Ba6 Rb8 24. Bb5 Rbc8 25. Ba6 1/2-1/2

[Event "Villalba op 1st"]
[Site "Villalba"]
[Date "2013.08.02"]
[Round "7.27"]
[White "Barria Arbunic, Manuel"]
[Black "Diaz Begonte, Manuel"]
[Result "1/2-1/2"]
[WhiteElo "1506"]
[BlackElo "1851"]
[PlyCount "128"]
[EventDate "2013.07.27"]
[EventType "swiss"]
[EventRounds "9"]
[EventCountry "ESP"]
[SourceTitle "EXT 2024"]
[Source "ChessBase"]
[SourceDate "2023.10.10"]
[SourceVersion "1"]
[SourceVersionDate "2023.10.10"]
[SourceQuality "1"]

1. d4 d5 2. c4 c6 3. Nf3 Nf6 4. Nc3 dxc4 5. e3 b5 6. a4 b4 7. Na2 e6 8. Bxc4 Nbd7 9. Bd2 a5 10. 0-0 Bb7 11. Re1 Ne4 12. Be2 c5 13. Qc2 Bd6 14. Bd3 Ng5 15. Nxg5 Qxg5 16. Be4 Bd5 17. Bxd5 Qxd5 18. Qd3 c4 19. Qe2 0-0 20. Qf3 Nf6 21. Qxd5 exd5 22. f3 Rfe8 23. Re2 Re7 24. Rae1 Rae8 25. Kf2 g5 26. e4 Bf4 27. exd5 Bxd2 28. Rxe7 Bxe1+ 29. Rxe1 Rxe1 30. Kxe1 Nxd5 31. Nc1 Ne3 32. Ne2 Nxg2+ 33. Kd2 Nf4 34. Ng3 Nd5 35. Ne4 Nb6 36. Nd6 Kf8 37. Kc2 Ke7 38. Nb7 Nxa4 39. Nxa5 Nb6 40. Nc6+ Kd6 41. Nxb4 Nd5 42. Na2 f5 43. Kd2 h5 44. Nc3 Nf4 45. Nd1 Nd5 46. Nc3 g4 47. fxg4 fxg4 48. Ne2 h4 49. Ke1 Ne3 50. Nc3 Nc2+ 51. Kf2 Nxd4 52. Ne4+ Ke5 53. Nd2 Kd5 54. Nf1 Nc2 55. Ke2 Kd4 56. Kd2 Nb4 57. Ne3 g3 58. hxg3 h3 59. Nf1 Nd3 60. Kc2 Ne1+ 61. Kc1 Kd3 62. Nh2 Ke3 63. Kd1 Nf3 64. Ng4+ Kd3 1/2-1/2

[Event "ESP-ch U12"]
[Site "Salobrena"]
[Date "2012.07.02"]
[Round "1.4"]
[White "Gimenez Aguirre, Ismael Alejo"]
[Black "Barria Arbunic, Manuel"]
[Result "1-0"]
[WhiteElo "1872"]
[BlackElo "1447"]
[PlyCount "67"]
[EventDate "2012.07.02"]
[EventType "swiss"]
[EventRounds "9"]
[EventCountry "ESP"]
[SourceTitle "EXT 2024"]
[Source "ChessBase"]
[SourceDate "2023.10.10"]
[SourceVersion "1"]
[SourceVersionDate "2023.10.10"]
[SourceQuality "1"]

1. e4 c5 2. Nf3 e6 3. d4 cxd4 4. Nxd4 a6 5. Be3 Qc7 6. g3 b6 7. Bg2 Bb7 8. 0-0 Nf6 9. Nd2 d6 10. c3 Be7 11. h3 Nbd7 12. f4 0-0 13. Qc2 Rfe8 14. Ne2 Rac8 15. g4 Nf8 16. g5 N6d7 17. h4 d5 18. e5 Bc5 19. Bd4 Nxe5 20. fxe5 Qxe5 21. Qd3 Ng6 22. Bxc5 bxc5 23. Nf3 Qc7 24. h5 Ne5 25. Nxe5 Qxe5 26. Qd2 Rcd8 27. Rae1 a5 28. Nd4 Qg3 29. Nb3 Qc7 30. Qf4 Qb6 31. Qxf7+ Kh8 32. h6 gxh6 33. gxh6 c4+ 34. Nd4 1-0